000 00624nam a2200205 a 4500
005 20140412111244.0
008 001120s19uu xx 00 eng d
020 _a1-85270-021-1
050 _aTR(GS 372.7
_bM46 1987
100 _aMertens, Ruth
245 _aExploring shapes /
_cRuth Mertens ; illustrated by Andrew MacConville.
260 _aLondon :
_bOctopus Pub. Group, Inc,
_c1987.
300 _a31 p. ; col. ; ill.
440 _aThe Parent and Child Programme
500 _aAges 6-7
650 _aSize and shape
650 _aEducation -- Parent participation
650 _aHome and school
999 _c102882
_d102882